| 000 | 00509nam a2200181Ia 4500 | ||
|---|---|---|---|
| 999 |
_c33789 _d33789 |
||
| 003 | OSt | ||
| 005 | 20200904095041.0 | ||
| 008 | 190216s9999||||xx |||||||||||||| ||und|| | ||
| 040 | _coclc | ||
| 082 |
_a530.12 _bGUP/Q |
||
| 100 |
_aGupta, S L _91031 |
||
| 245 | 0 |
_aQuantum Mechanics / _cS L Gupta ; V Kumar ; H V Sharma |
|
| 250 | _a22nd Ed. | ||
| 260 |
_bJaiprakashnath&Co, _c2003. _aMeerut: |
||
| 300 | _a735p | ||
| 650 | _aPhysics | ||
| 942 |
_cBK _2ddc _h530.12 _iGUP/Q _k530.12 _mGUP/Q |
||